000
00351nam a22001337a 4500
082
_a
823.914 CEC
100
_a
Cecil, Henry
245
_a
Tell you what I'll do /
_c
Henry Cecil
260
_a
New Delhi :
_b
Rupa.com,
_c
2003.
300
_a
220 p. ;
_c
20 cm.
942
_2
ddc
_c
BK
999
_c
587007
_d
587007